L'amore è un budello gentile

Guardat en:
Dades bibliogràfiques
Autor principal: Busi, Aldo
Format: Llibre
Publicat: Milano : Leonardo, 1990
Etiquetes: Afegir etiqueta
Sense etiquetes, Sigues el primer a etiquetar aquest registre!

MARC

LEADER 00000nam a22000007i 4500
001 162
003 NUMERAZIONE-ORIGINALE-BRESCIA
005 20260314231228.0
008 050505s1994 it |||||| ||||| |||||c
040 |c arcigay brescia 
100 |a Busi, Aldo 
245 0 |a L'amore è un budello gentile 
260 |a Milano :  |b Leonardo,  |c 1990 
500 |a Flirt con Liala 
942 |2 ddc  |c BK  |n 0 
952 |0 0  |1 0  |2 ddc  |4 0  |6 21  |7 0  |9 28358  |a BS  |b BS  |d 2026-02-06  |i 162  |l 0  |o 2-1-*  |r 2026-02-06 22:40:33  |w 2026-02-06  |x [REVISIONARE]  |y BK 
999 |c 24043  |d 24043